00871nam a2200169 a 450000100100000000500170001000800410002704000250006824500700009326000480016330000410021150500990025295201110035195201110046295201110057399900170068400002717620200930030642.0110330s1997 sp acd 000 0 spa d aDO-SdBNPbspacBNPHU00aEnciclopedia de la enfermería /cDirección Joaquín Navarro. aBarcelona :bGrupo Editorial Oceano,c1997. av. :bil., gráf., retrs. ;c25 cm.0 av. 1tFundamentos-ténicas --gv. 2tMedicoquirúrgica -1 --gv. 3tMedicoquirúrgica -2 -- 001050718MOaGRbGRcCTd2011-03-30iLF1l0o p27176-10r2020-06-25te. 2w2020-06-25y1ZNo se presta 001050718MOaGRbGRcCTd2011-04-01iLF1l0o p27176-20r2020-06-25te. 3w2020-06-25y1ZNo se presta 001054708MOaGRbGRcCTd2011-04-01iLF1l0o p27176-30r2020-06-25w2020-06-25y4ZPréstamo en sala c26668d26668